| 000 | 00429nam a2200157Ia 4500 | ||
|---|---|---|---|
| 003 | GCL | ||
| 008 | 140319s9999 xx 000 0 eng d | ||
| 040 |
_aGCL / _cGCL |
||
| 082 | 0 | 4 |
_a613.713 _bF B |
| 100 | 1 | _aFAHEY, THOMASD | |
| 245 | 1 | 0 |
_aBASIC WEIGHT TRAINING FOR MEN AND WOMEN / _cFAHEY, THOMASD |
| 260 |
_a[S.N] : _bMY FIELD PUBLISHING COMPANY ، _c1994 |
||
| 300 | _a170 P | ||
| 650 | 0 | 4 | _aWEIGHT TRAINING |
| 942 |
_2ddc _cBK |
||
| 999 |
_c24920 _d24920 |
||